| 000 | 00787nam a2200265 a 4500 | ||
|---|---|---|---|
| 001 | 000003639 | ||
| 003 | DO-SdBNP | ||
| 005 | 20220921090859.0 | ||
| 007 | ta | ||
| 008 | 090711s1999 dr a r 000 0 spa d | ||
| 040 |
_aDO-SdBNP _bspa _cBNPHU |
||
| 082 | 4 |
_a300.1 _bN322 _222 |
|
| 100 | 1 |
_aNavarro, Luisa _911168 |
|
| 245 | 1 | 0 |
_aConceptualizaciones de base de las ciencias sociales / _cLuisa Navarro. |
| 260 |
_aSanto Domingo : _bBúho, _c1999. |
||
| 300 |
_a62 p. : _bil. ; _c22 cm. |
||
| 500 | _aIncluye índice | ||
| 504 | _aBibliografía p.61 | ||
| 590 | _aInventariado, 2022 / DG | ||
| 650 | 4 |
_aCiencias sociales _xInvestigaciones _92113 |
|
| 650 | 4 |
_aCiencias sociales _xFilosofía _911169 |
|
| 650 | 4 |
_aCiencias sociales y estado _911170 |
|
| 910 | _aDG | ||
| 942 |
_2ddc _cLBS1 |
||
| 999 |
_c3462 _d3462 |
||